<?xml version="1.0" encoding="UTF-8"?>
<marc:record xmlns:marc="http://www.loc.gov/MARC21/slim">
   <marc:leader>00000nam a2200000 a 4500</marc:leader>
   <marc:datafield ind1=" " ind2=" " tag="653">
      <marc:subfield code="a">DVD engl.</marc:subfield>
   </marc:datafield>
   <marc:datafield ind1="0" ind2="0" tag="245">
      <marc:subfield code="a">Plötzlich Gigolo</marc:subfield>
   </marc:datafield>
   <marc:datafield ind1=" " ind2="1" tag="264">
      <marc:subfield code="b">Concorde Home Entertainment</marc:subfield>
   </marc:datafield>
   <marc:datafield ind1="1" ind2=" " tag="520">
      <marc:subfield code="a">Der angeschlagene Buchladenbesitzer Murray (Woody Allen) kommt auf eine famose Idee, um seinen einsamen Freund Fioravante (John Turturro) glücklicher und ihrer beider Geldbeutel voller zu machen. Er verkauft den sanftmütigen Floristen kurzerhand für eine Ménage à trois als professionellen Don Juan an seine Hautärztin (Sharon Stone). Obwohl Fioravante sich anfangs sträubt, weil er kein schöner Mann sei, hat er bald den Dreh bei den unterschiedlichsten Frauentypen raus. Die gute Mundpropaganda der Beglückten beschert dem 77-jährigen „Zuhälter“ Murray und dem unverhofften Gigolo Fioravante immer mehr sündige Kundschaft, bis die Liebe das florierende Geschäft zu vermasseln droht. (Verlagstext)</marc:subfield>
   </marc:datafield>
   <marc:datafield ind1=" " ind2=" " tag="338">
      <marc:subfield code="a">Videodisk</marc:subfield>
   </marc:datafield>
   <marc:datafield ind1=" " ind2=" " tag="300">
      <marc:subfield code="a">1 DVD (ca. 87 Min,)</marc:subfield>
   </marc:datafield>
</marc:record>
